[Event "Ustron op-C"]
[Site "Ustron"]
[Date "2021.08.20"]
[Round "9"]
[White "Rogala, Dominik"]
[Black "Seemann, Pola"]
[Result "1-0"]
[WhiteElo "1429"]
[BlackElo "1390"]
[PlyCount "91"]
[EventDate "2021.08.13"]
[EventType "swiss"]
[EventRounds "9"]
[EventCountry "POL"]
[SourceTitle "EXT 2022"]
[Source "ChessBase"]
[SourceDate "2021.10.06"]
[SourceVersion "1"]
[SourceVersionDate "2021.10.06"]
[SourceQuality "1"]

1. d4 Nf6 2. c4 e6 3. Nf3 c5 4. d5 b5 5. dxe6 fxe6 6. cxb5 d5 7. e3 Bd6 8. Be2 0-0 9. Nc3 Nbd7 10. 0-0 Bb7 11. Nd2 Qe7 12. f4 d4 13. exd4 cxd4 14. Na4 Nd5 15. Nf3 Bxf4 16. Nxd4 Ne3 17. Bxe3 Bxe3+ 18. Kh1 Ne5 19. Nf3 Ng4 20. Qe1 e5 21. Bc4+ Kh8 22. h3 Nf2+ 23. Rxf2 Bxf2 24. Qxf2 e4 25. Qh4 Qxh4 26. Nxh4 Rf4 27. Nc5 Rc8 28. Nxb7 Rxc4 29. g3 Rf2 30. Nd6 Rd4 31. Kg1 Rf8 32. Ndf5 Rd3 33. Rf1 Re8 34. Ng2 g6 35. Nfe3 Kg7 36. Rc1 Re7 37. Rc2 Rb7 38. a4 Rf7 39. Rc4 Re7 40. Kf1 Rb3 41. Rc2 Rd7 42. Ke2 Rb4 43. Nf4 Rb7 44. Ne6+ Kh6 45. Ng4+ Kh5 46. Rc5+ 1-0